Noem de mooiste bruggen ter wereld - Sudden Death - Statistieken

Algemene statistieken
  • Deze quiz is 17 keer genomen
  • De gemiddelde score is 4 van 10
Answers on the Grid
Answers color-coded by a green-red scale on the quiz's grid according to % correct below.
Zeelandbrug
Santuario de Las Lajas
Pont Alexandre
Brooklyn Bridge
Köhlbrandbrücke
Golden Gate Bridge
Sontbrug
Ponte Vecchio
Gouden Brug
Stari Most,
Pont de Normandie
Brug van Millau Viaduc de Millau
Karelsbrug
Bixby Creek Brug
Helixbrug
 
Antwoordstatistieken
Antwoord % Correct
Golden Gate Bridge
70%
Ponte Vecchio
60%
Brooklyn Bridge
50%
Pont Alexandre
50%
Karelsbrug
30%
Helixbrug
30%
Stari Most,
30%
Bixby Creek Brug
20%
Gouden Brug
20%
Santuario de Las Lajas
20%
Geen overeenkomende quizzen gevonden
Scoreverdeling
Procent van Mensen met Elke Score
Percentiel versus Aantal Correcte Antwoorden
Uw Scoregeschiedenis
U heeft deze quiz nog niet genomen